01148 a2200181 4500003000500000005001700005040000900022082001400031100003800045245008000083260006200163300005200225505049000277650003600767942002100803999001900824952012300843NUST20230201113508.0 cNust a942.2,TRE aTrevelyan, George Macaulay946482 a a survey of six centuries, Chaucer to Queen Victoria /cG.M. Trevelyan ... aLondon, New Yorkb[etc.] Longmans, Green and Co.,c 1942. axii, 628 p. illus.b (incl. maps) diagr. 21 cm. aChaucer England (Page-1), England In The Age Of Caxton (Page-56), Tudor England (Page-92), England During The Anti Clecrical Revolution (Page-99), Shakepear’s England (Page-139), The England Of Charles And Cromwell (Page-206), Restoration England (Page-252), Defoe’s England (Page-293), Dr Johnson’s England (Page-339), Scotland In 18th Century (Page-416), Cobbett’s England (Page-463), Between The Two Reform Bills (Page-509), The Second Half Of The Victorian Era (Page-551).  aEnglish social history;9108341 2ddccBKk942,TRE c187236d187236 00102ddc4070aMCSbMCScGENd2016-12-12o942.9,TREpMCS29412r2016-12-08w2016-12-12yBKzAlmirah No.60, Shelf No.5